000 00570nam a2200193Ia 4500
003 LDD
008 181029s9999 xx 000 0 und d
020 _a195681126
_c595.00
040 _cLDD
100 _aReddy, V. Ratna
245 0 _aManaging water resources
_bpolicies, institutions, and technologies
_cV. Ratna Reddy
260 _aNew Delhi
_bOxford
_c2006
300 _axi, 325
365 _b595.00
901 _a3851
_b22-02-2007
902 _a83201
_b08-03-2007
_cF
_dIBD
_e311
903 _aDiscount-10
_bReqst by : Palit, Soumya Kanti
942 _2ddc
_cBK
999 _c78320
_d78320